000 00473nam a2200169Ia 4500
999 _c29965
_d29965
003 OSt
005 20201229131622.0
008 190216s9999||||xx |||||||||||||| ||und||
040 _coclc
082 _a894.812301
_bAKB/P
100 _aAkbar, M V
_97947
245 0 _aPathu Kathakal /
_cM V Akbar
260 _bLipi Publications,
_c2006.
_aKozhikode:
300 _a104p
650 _aStories
942 _cBK
_2ddc
_h894.812301
_iAKB/P
_k894.812301
_mAKB/P